000 00435nam a2200133Ia 4500
005 20260209120136.0
008 260209s9999||||xx |||||||||||||| ||und||
100 _aArti Kumari
245 0 _aSanthata : suicide or salvation?
260 _aBangaloreBangalore
_bNLSIU
_c2016
300 _a60 p. ; 25 cm.
700 _aJustice S Rajendra Babu - GuideJustice S Rajendra Babu - Guide
856 _uhttps://dans.nls.ac.in/handle/123456789/1629
999 _c217249
_d217249